| 000 | 00591nam a22001817a 4500 | ||
|---|---|---|---|
| 005 | 20251108171828.0 | ||
| 008 | 250721s1988 xx 000 0 ara d | ||
| 082 | 1 | 4 | _a414.2/جرج |
| 100 | 1 | _aالجرجاني، أبو بكر عبد القاهر بن .... | |
| 245 | 1 | 0 | _aأسرار البلاغة في علم البيان / |
| 264 | 1 |
_aبيروت : _bدار الكتب العلمية، _c1988. |
|
| 300 | _a372ص | ||
| 650 | 1 | 7 | _aاللغة العربية |
| 650 | 1 | 7 | _aقواعد اللغة |
| 700 | 1 |
_aرضا، محمد رشيد _eتحقيق |
|
| 942 |
_2ddc _cBK |
||
| 999 |
_c63645 _d63645 |
||